Từ điển miễn dịch học : Phần giải nghĩa . t.II.
محفوظ في:
| التنسيق: | Sách giấy |
|---|---|
| اللغة: | Vietnamese |
| منشور في: |
Hà Nội :
Y học,
1978.
|
| الوسوم: |
إضافة وسم
لا توجد وسوم, كن أول من يضع وسما على هذه التسجيلة!
|
| Thư viện lưu trữ: | Thư viện Trường Đại học Đà Lạt |
|---|
| LEADER | 00584nam a2200253 4500 | ||
|---|---|---|---|
| 001 | DLU140160713 | ||
| 005 | ##200140312 | ||
| 040 | # | # | |a DLU |b vie |
| 041 | # | # | |a vie |
| 044 | # | # | |a vn |
| 082 | # | # | |a 616.079 03 |b Tud |
| 245 | # | # | |a Từ điển miễn dịch học : |b Phần giải nghĩa . |n t.II. |
| 260 | # | # | |a Hà Nội : |b Y học, |c 1978. |
| 300 | # | # | |a 279 tr. ; |c 19 cm. |
| 992 | # | # | |a 567 |
| 994 | # | # | |a DLU |
| 998 | # | # | |a TK |
| 900 | # | # | |a True |
| 911 | # | # | |a Nguyễn Thị Tưởng |
| 925 | # | # | |a G |
| 926 | # | # | |a A |
| 927 | # | # | |a SH |
| 980 | # | # | |a Thư viện Trường Đại học Đà Lạt |